[Event "World Rapid 2025"]
[Site "Doha QAT"]
[Date "2025.12.26"]
[Round "2.28"]
[White "Salem, A.R. Saleh"]
[Black "Adhiban, Baskaran"]
[Result "0-1"]
[WhiteTitle "GM"]
[BlackTitle "GM"]
[WhiteElo "2635"]
[BlackElo "2557"]
[WhiteFideId "9301348"]
[BlackFideId "5018471"]
[EventDate "2025.12.26"]
[EventType "rapid"]

1. d4 d5 2. c4 e6 3. Nc3 Bb4 4. a3 Bxc3+ 5. bxc3 Nf6 6. e3 c6 7. Bd3 e5 8. Ne2
e4 9. Bb1 b6 10. O-O Ba6 11. cxd5 cxd5 12. f3 O-O 13. Rf2 Re8 14. Ng3 Nbd7 15.
fxe4 Nxe4 16. Bxe4 dxe4 17. a4 Rc8 18. Ba3 Rxc3 19. Qe1 Rc6 20. Nf5 Nf6 21. Rc1
Rce6 22. Rfc2 Nd5 23. Rc6 Rxc6 24. Rxc6 Qd7 25. Nh6+ gxh6 26. Rxh6 Qg4 27. Rh3
Qe2 28. Qa1 Re6 0-1

[Event "World Rapid 2025"]
[Site "Doha QAT"]
[Date "2025.12.26"]
[Round "2.29"]
[White "Le, Tuan Minh"]
[Black "Anton Guijarro, David"]
[Result "0-1"]
[WhiteTitle "GM"]
[BlackTitle "GM"]
[WhiteElo "2598"]
[BlackElo "2646"]
[WhiteFideId "12401153"]
[BlackFideId "2285525"]
[EventDate "2025.12.26"]
[EventType "rapid"]

1. d4 Nf6 2. c4 e6 3. Nf3 Bb4+ 4. Nc3 b6 5. e3 Bb7 6. Bd2 c5 7. a3 Bxc3 8. Bxc3
Ne4 9. Rc1 O-O 10. Be2 d6 11. O-O Nxc3 12. Rxc3 Qe7 13. b4 Nd7 14. Qb3 Nf6 15.
bxc5 dxc5 16. a4 Rfd8 17. a5 bxa5 18. Qa3 Qc7 19. Ra1 Bxf3 20. Bxf3 cxd4 21.
exd4 Rac8 22. h3 Rxd4 23. c5 Nd5 24. Rcc1 a4 25. c6 g6 26. Rab1 Nb6 27. Qc5 Qd6
28. Qa5 Rc7 29. Rd1 e5 30. Rxd4 exd4 31. h4 h5 32. g3 a3 33. Ra1 Nc4 34. Qd5
Qxd5 35. Bxd5 Ne5 36. Rxa3 Nxc6 37. Bxc6 Rxc6 38. Rxa7 Kg7 39. Rd7 Rc4 40. Kg2
Kf6 41. Kf3 Ke6 42. Rd8 Ke5 43. Re8+ Kf5 44. Rd8 Rc3+ 45. Ke2 Ke4 46. Re8+ Kd5
47. Rd8+ Kc4 48. Rc8+ Kb3 49. Rd8 Rc2+ 50. Kd3 Rxf2 51. Rb8+ Ka3 52. Kxd4 Rf3
53. Rb7 f5 54. g4 fxg4 55. Rb6 g5 56. hxg5 g3 57. Rb1 g2 58. Rg1 Rg3 59. Ke5 h4
60. Kf4 Kb3 61. g6 Rxg6 62. Kf3 h3 63. Kf2 Rf6+ 64. Kg3 Rf1 0-1

[Event "World Rapid 2025"]
[Site "Doha QAT"]
[Date "2025.12.26"]
[Round "2.30"]
[White "Svane, Rasmus"]
[Black "Alexakis, Dimitris"]
[Result "1/2-1/2"]
[WhiteTitle "GM"]
[BlackTitle "GM"]
[WhiteElo "2608"]
[BlackElo "2544"]
[WhiteFideId "4657101"]
[BlackFideId "4277023"]
[EventDate "2025.12.26"]
[EventType "rapid"]

1. Nf3 c5 2. c4 Nc6 3. Nc3 g6 4. e3 Nf6 5. d4 cxd4 6. exd4 d5 7. cxd5 Nxd5 8.
Qb3 Nxc3 9. Bc4 e6 10. bxc3 Bd7 11. Bd3 Na5 12. Qc2 Bc6 13. Qe2 Rc8 14. O-O Bd6
15. Ne5 O-O 16. c4 Re8 17. Bb2 Bf8 18. Rab1 Bg7 19. Bc3 b6 20. Rfc1 Ba8 21. Qe3
Nc6 22. Nxc6 Rxc6 23. Rd1 Qc8 24. Be2 Rc7 25. Rd2 Bd5 26. cxd5 Rxc3 27. Rd3 Rxd3
28. Qxd3 exd5 29. Bf3 Qc4 30. Qb3 Bxd4 31. g3 Qc5 32. Kg2 Kg7 33. Rd1 Rd8 34.
Rd2 a5 35. Qd1 Bf6 36. Rxd5 Rxd5 37. Qxd5 Qxd5 38. Bxd5 b5 39. Kf3 Bd4 40. Ke2
f5 41. f4 Kf6 42. h3 b4 43. Bb3 Ke7 44. g4 fxg4 45. hxg4 h5 46. gxh5 gxh5 47.
Kf3 Kf6 48. Ba4 Bb6 49. Be8 h4 50. Kg4 Bf2 51. Ba4 Bg3 52. Bb3 Ke7 53. Ba4 Kd6
54. Bb3 Kc5 55. f5 Kd6 56. f6 Kd7 57. f7 Ke7 58. Kh3 Be1 59. Kg4 Kf8 60. Kh3 Kg7
61. Kg4 Bg3 62. Kh3 1/2-1/2

[Event "World Rapid 2025"]
[Site "Doha QAT"]
[Date "2025.12.26"]
[Round "2.31"]
[White "Niemann, Hans Moke"]
[Black "Karthik, Venkataraman"]
[Result "1/2-1/2"]
[WhiteTitle "GM"]
[BlackTitle "GM"]
[WhiteElo "2725"]
[BlackElo "2589"]
[WhiteFideId "2093596"]
[BlackFideId "25006479"]
[EventDate "2025.12.26"]
[EventType "rapid"]

1. e4 c5 2. Nf3 d6 3. d4 cxd4 4. Nxd4 Nf6 5. Nc3 a6 6. Bg5 e6 7. f3 Be7 8. Qd2
b5 9. g4 Bb7 10. O-O-O Nbd7 11. a3 Rc8 12. h4 Ne5 13. Rh3 O-O 14. Bxf6 Bxf6 15.
g5 Be7 16. f4 Nc6 17. f5 Nxd4 18. Qxd4 Rc5 19. Bd3 e5 20. Qg1 f6 21. g6 h6 22.
Be2 Qc7 23. Kb1 Rc8 24. Rd2 Qb8 25. h5 Qa8 26. Qe3 Kf8 27. Rg3 Ke8 28. Rg4 R8c7
29. Nd5 Bxd5 30. exd5 Qc8 31. Qd3 Rc4 32. c3 Rxg4 33. Bxg4 Rc4 34. Bf3 Qc5 35.
Be4 Bd8 36. Kc2 Qg1 37. b3 Rc5 38. Kb2 Bb6 39. Rc2 Ke7 40. a4 bxa4 41. b4 Rc7
42. Qxa6 a3+ 43. Ka2 Be3 44. Bd3 Qd1 45. Be4 Qg4 46. Qd3 Bb6 47. Bf3 Qf4 48.
Kxa3 Qg3 49. Kb3 Qg1 50. Qd1 Qe3 51. Qe2 Qg1 52. Be4 Qa1 53. Qd2 Qb1+ 54. Ka4
Ra7+ 55. Kb5 Qa1 56. Kc4 Qa6+ 57. Kb3 Qa4+ 58. Kc4 Qa6+ 59. Kb3 Qa4+ 1/2-1/2

[Event "World Rapid 2025"]
[Site "Doha QAT"]
[Date "2025.12.26"]
[Round "2.32"]
[White "Ponkratov, Pavel"]
[Black "Alekseenko, Kirill"]
[Result "1/2-1/2"]
[WhiteTitle "GM"]
[BlackTitle "GM"]
[WhiteElo "2587"]
[BlackElo "2659"]
[WhiteFideId "4157800"]
[BlackFideId "4135539"]
[EventDate "2025.12.26"]
[EventType "rapid"]

1. Nf3 d5 2. g3 Nd7 3. d4 Nb6 4. Nc3 Bf5 5. Nh4 Bd7 6. Bg2 e6 7. O-O Be7 8. Nf3
Nf6 9. a4 a5 10. Ne5 O-O 11. b3 Be8 12. Bb2 Nc8 13. e4 Bb4 14. exd5 exd5 15. Ne2
c6 16. Nf4 Ne7 17. c4 Bd6 18. Re1 Bd7 19. g4 Ng6 20. Nfxg6 hxg6 21. h3 Re8 22.
Qc2 Be6 23. Re3 Nd7 24. Rd1 Rc8 25. Qe2 g5 26. Bc3 1/2-1/2

[Event "World Rapid 2025"]
[Site "Doha QAT"]
[Date "2025.12.26"]
[Round "2.33"]
[White "Jacobson, Brandon"]
[Black "Sargsyan, Shant"]
[Result "0-1"]
[WhiteTitle "GM"]
[BlackTitle "GM"]
[WhiteElo "2583"]
[BlackElo "2665"]
[WhiteFideId "30901561"]
[BlackFideId "13306766"]
[EventDate "2025.12.26"]
[EventType "rapid"]

1. e4 e5 2. Nc3 Nf6 3. a3 Nc6 4. d3 Bc5 5. Nf3 d6 6. Na4 Bb6 7. Be2 Ne7 8. Nxb6
axb6 9. h3 Ng6 10. c4 Bd7 11. Be3 b5 12. Qc2 bxc4 13. dxc4 Bc6 14. Bd3 O-O 15.
O-O Nh5 16. g3 Qc8 17. Kh2 Bd7 18. Ng1 Ne7 19. c5 Bc6 20. cxd6 cxd6 21. Ne2 Kh8
22. g4 Nf6 23. f4 d5 24. fxe5 Nxe4 25. Nd4 Qb8 26. Bxe4 Qxe5+ 27. Bf4 Qxd4 28.
Bxh7 Ba4 29. Qd3 Qxb2+ 30. Kg1 Bb5 31. Qc2 Qxc2 32. Bxc2 Bxf1 33. Rxf1 Rfc8 34.
Bb1 Rxa3 35. Bd6 Re3 36. Rxf7 Re1+ 37. Kf2 Rxb1 38. Rxe7 Rb3 39. Bc7 Ra8 0-1

[Event "World Rapid 2025"]
[Site "Doha QAT"]
[Date "2025.12.26"]
[Round "2.34"]
[White "Mamedov, Rauf"]
[Black "Bilguun, Sumiya"]
[Result "1-0"]
[WhiteTitle "GM"]
[BlackTitle "GM"]
[WhiteElo "2645"]
[BlackElo "2442"]
[WhiteFideId "13401653"]
[BlackFideId "4901541"]
[EventDate "2025.12.26"]
[EventType "rapid"]

1. e4 c5 2. c3 d5 3. exd5 Qxd5 4. d4 Nf6 5. Nf3 e6 6. Na3 Qd8 7. Nc4 Nc6 8. Nce5
Nxe5 9. Nxe5 Nd7 10. Bb5 Bd6 11. Qg4 Kf8 12. Bf4 Nf6 13. Qd1 Bxe5 14. Bxe5 cxd4
15. Bxd4 Qd5 16. Qe2 Bd7 17. Bc4 Qe4 18. Qxe4 Nxe4 19. f3 Nf6 20. O-O-O Bc6 21.
Rhe1 h5 22. h4 Nd5 23. b3 a6 24. Kb2 Rh6 25. Rd2 Ne7 26. Be3 Rh8 27. Bc5 Re8 28.
a4 Kg8 29. Bd3 Ng6 30. Bxg6 fxg6 31. Re5 Kf7 32. Rd6 Rd8 33. Rdxe6 Rd2+ 34. Ka3
Rxg2 35. Re7+ Kg8 36. Bd4 Kh7 37. f4 Rg4 38. Rxg7+ Kxg7 39. Rxh5+ Kf7 40. Rxh8
Rxf4 41. Kb4 Ke6 42. Kc5 Rf5+ 43. Kb6 Rf1 44. a5 Rf5 45. b4 Rb5+ 46. Kc7 Rh5 47.
Rg8 Rh7+ 48. Kb6 Kf7 49. Rc8 Rxh4 50. Rxc6 bxc6 51. Kxa6 g5 52. Kb7 Rxd4 53.
cxd4 g4 54. a6 g3 55. a7 g2 56. a8=Q g1=Q 57. Qa2+ Kf6 58. Qc4 Ke7 59. Qxc6 Qxd4
60. Qc5+ Qd6 61. Qxd6+ Kxd6 62. b5 1-0

[Event "World Rapid 2025"]
[Site "Doha QAT"]
[Date "2025.12.26"]
[Round "2.35"]
[White "Iturrizaga Bonelli, Eduardo"]
[Black "Galaviz Medina, Sion Radamantys"]
[Result "1-0"]
[WhiteTitle "GM"]
[BlackTitle "IM"]
[WhiteElo "2592"]
[BlackElo "2514"]
[WhiteFideId "3901211"]
[BlackFideId "5123119"]
[EventDate "2025.12.26"]
[EventType "rapid"]

1. c4 e6 2. g3 d5 3. Bg2 d4 4. d3 Nc6 5. Nf3 Bb4+ 6. Nbd2 a5 7. O-O Nf6 8. a3
Be7 9. Rb1 O-O 10. Ne1 e5 11. Nc2 a4 12. b4 axb3 13. Rxb3 Ra7 14. Rb5 Re8 15.
Nb3 Bf8 16. e3 Bg4 17. Qd2 dxe3 18. fxe3 e4 19. d4 Bf3 20. Bb2 Ne7 21. Bxf3 exf3
22. Rxf3 c6 23. Re5 Ng6 24. Rxe8 Qxe8 25. Qd3 Qd7 26. e4 h5 27. e5 Ng4 28. Qf5
Qxf5 29. Rxf5 Ra4 30. Nd2 h4 31. gxh4 Nh6 32. Rf3 Nxh4 33. Rb3 Ra7 34. Ne4 N6f5
35. Kf2 Ra4 36. Nd2 Ra7 37. Ke2 Ng6 38. Kf3 Nfe7 39. Ne4 Ra4 40. Ne3 Ra7 41. Nd6
b5 42. cxb5 cxb5 43. Rxb5 Nc6 44. Ndc4 Bxa3 45. d5 Bxb2 46. dxc6 Bd4 47. Nf5 Ra4
48. Nfd6 Ne7 49. c7 Ra7 50. Rb8+ Kh7 51. c8=Q Nxc8 52. Rxc8 Kg6 53. Nb5 Ra2 54.
Nxd4 Rxh2 55. Rc6+ f6 56. e6 Rh4 57. e7 Kf7 58. Nf5 1-0

[Event "World Rapid 2025"]
[Site "Doha QAT"]
[Date "2025.12.26"]
[Round "2.36"]
[White "Sanal, Vahap"]
[Black "Motylev, Alexander"]
[Result "1/2-1/2"]
[WhiteTitle "GM"]
[BlackTitle "GM"]
[WhiteElo "2546"]
[BlackElo "2573"]
[WhiteFideId "6300545"]
[BlackFideId "4121830"]
[EventDate "2025.12.26"]
[EventType "rapid"]

1. d4 d5 2. Nf3 Nf6 3. e3 e6 4. Bd3 b6 5. b3 Bb7 6. Bb2 Bd6 7. O-O O-O 8. Nbd2
Nbd7 9. Ne5 Ne4 10. Qe2 Nxd2 11. Qxd2 f6 12. Nxd7 Qxd7 13. c4 dxc4 14. bxc4 Rad8
15. Qc2 f5 16. f4 c5 17. Rad1 cxd4 18. Bxd4 Qc6 19. Rf2 Bc5 20. Bf1 Qc7 21. Qc3
Qe7 22. Qa1 Bc6 23. Rfd2 Bb4 24. Rb2 Ba3 25. Rf2 Rd7 26. Rfd2 Rfd8 27. h3 Bb4
28. Rf2 Ba4 29. Rc1 Ba3 30. Re1 Bc5 31. Bxc5 Qxc5 32. Qc3 Bc6 33. a3 h6 34. Qb4
Rd1 35. Rxd1 Rxd1 36. Qxc5 bxc5 37. Rb2 Kf7 38. Rb8 Be4 39. Kf2 Ra1 40. Rc8 Ra2+
41. Kg1 Rxa3 42. Rxc5 a5 43. Rc7+ Kf6 44. Ra7 Ra1 45. Kf2 a4 46. c5 Bc6 47. Rc7
Be8 48. Rc8 Bd7 49. Rc7 Be8 50. Rc8 Bd7 51. Rc7 Be8 1/2-1/2

[Event "World Rapid 2025"]
[Site "Doha QAT"]
[Date "2025.12.26"]
[Round "2.37"]
[White "Pranav, V"]
[Black "Movahed, Sina"]
[Result "0-1"]
[WhiteTitle "GM"]
[BlackTitle "GM"]
[WhiteElo "2641"]
[BlackElo "2596"]
[WhiteFideId "25060783"]
[BlackFideId "42520835"]
[EventDate "2025.12.26"]
[EventType "rapid"]

1. e4 c5 2. Nf3 d6 3. Bb5+ Nd7 4. O-O a6 5. Be2 Ngf6 6. d3 e6 7. a4 b6 8. Nfd2
Bb7 9. f4 Be7 10. Bf3 Qc7 11. c4 Nb8 12. Nc3 Nc6 13. Nb3 h6 14. Be3 g5 15. f5
Ne5 16. fxe6 Nxf3+ 17. Qxf3 fxe6 18. Qh3 g4 19. Qh4 Rf8 20. Bxh6 Rf7 21. Bg5 Rh7
22. Qg3 Rf7 23. a5 O-O-O 24. axb6 Qxb6 25. Na5 Rg8 26. Qe3 g3 27. Nxb7 Qxb7 28.
Bxf6 Bxf6 29. Ne2 Qxb2 30. Kh1 Qxa1 31. Rxa1 Bxa1 32. Nxg3 Rxg3 33. Qc1 Bd4 34.
h3 Rfg7 35. Qh6 0-1

[Event "World Rapid 2025"]
[Site "Doha QAT"]
[Date "2025.12.26"]
[Round "2.38"]
[White "Gurel, Ediz"]
[Black "Dardha, Daniel"]
[Result "1-0"]
[WhiteTitle "GM"]
[BlackTitle "GM"]
[WhiteElo "2645"]
[BlackElo "2603"]
[WhiteFideId "44507356"]
[BlackFideId "240990"]
[EventDate "2025.12.26"]
[EventType "rapid"]

1. e4 d6 2. d4 Nf6 3. Nc3 e5 4. Nf3 Nbd7 5. h3 Be7 6. g4 O-O 7. Bg2 c6 8. g5 Ne8
9. h4 b5 10. Be3 Nc7 11. Ne2 Bb7 12. Ng3 Ne6 13. Bh3 exd4 14. Nxd4 Nxd4 15. Qxd4
c5 16. Qd2 Ne5 17. O-O-O Nc4 18. Qc3 Re8 19. Bxc5 Bf8 20. Bd4 d5 21. Nh5 b4 22.
Qg3 Qa5 23. Kb1 dxe4 24. Rhg1 Bd6 25. Qg4 Bc8 26. Nf6+ gxf6 27. Qh5 Bxh3 28.
gxf6+ Kh8 29. Qxf7 Rg8 30. Qxg8+ 1-0

[Event "World Rapid 2025"]
[Site "Doha QAT"]
[Date "2025.12.26"]
[Round "2.39"]
[White "Aravindh, Chithambaram VR."]
[Black "Goutham Krishna H"]
[Result "0-1"]
[WhiteTitle "GM"]
[BlackTitle "IM"]
[WhiteElo "2703"]
[BlackElo "2433"]
[WhiteFideId "5072786"]
[BlackFideId "25983504"]
[EventDate "2025.12.26"]
[EventType "rapid"]

1. d4 b6 2. e4 Bb7 3. Nc3 e6 4. Nf3 Bb4 5. Bd3 Nf6 6. Nd2 c5 7. a3 cxd4 8. axb4
dxc3 9. bxc3 Qc7 10. O-O O-O 11. Qe2 d6 12. c4 a5 13. b5 Nbd7 14. f4 a4 15. Ba3
Nc5 16. Rae1 Nfd7 17. Qe3 Rae8 18. Qh3 f6 19. Re3 Rf7 20. Rfe1 Nf8 21. Nf1 Ng6
22. Qg3 Kh8 23. h4 e5 24. f5 Nf4 25. Qf3 g6 26. fxg6 Nxg6 27. Ng3 f5 28. Nxf5
Nxh4 29. Qh5 Nxf5 30. exf5 Rg8 31. R1e2 Rfg7 32. f6 Rg5 33. Qh6 Bxg2 34. Kf2 Qf7
35. Bxc5 Rh5 36. Bxd6 Rxh6 37. Bxe5 Rh1 38. Re1 Rxe1 39. Rxe1 Re8 40. Kxg2 a3
41. Re2 Rxe5 42. Rxe5 0-1

[Event "World Rapid 2025"]
[Site "Doha QAT"]
[Date "2025.12.26"]
[Round "2.40"]
[White "Amar, Elham"]
[Black "Bu, Xiangzhi"]
[Result "1/2-1/2"]
[WhiteTitle "GM"]
[BlackTitle "GM"]
[WhiteElo "2592"]
[BlackElo "2665"]
[WhiteFideId "1533533"]
[BlackFideId "8601445"]
[EventDate "2025.12.26"]
[EventType "rapid"]

1. e4 e5 2. Nc3 Nf6 3. d4 exd4 4. Qxd4 Nc6 5. Qd3 d5 6. Bf4 d4 7. Nb5 Bb4+ 8. c3
dxc3 9. Qxd8+ Kxd8 10. Bxc7+ Ke7 11. bxc3 Bc5 12. e5 Ne8 13. O-O-O a6 14. Bd6+
Nxd6 15. exd6+ Kd8 16. Nc7 Ra7 17. Nf3 Bxd6 18. Nd5 b5 19. Bd3 Be6 20. Be4 Kc8
21. Kb1 Rd8 22. Ng5 h6 23. Nxe6 fxe6 24. Ne3 Rc7 25. Nc2 Be5 26. Nb4 Nb8 27. Nd3
Bd6 28. Bf3 Rxc3 29. Bg4 Nc6 30. Rc1 Rxd3 31. Rxc6+ Kb7 32. Rhc1 Ba3 33. R1c3
Rxc3 34. Rxc3 b4 35. Re3 Rd2 36. Re2 Rd1+ 37. Kc2 Rc1+ 38. Kb3 Rb1+ 39. Ka4 Rb2 1/2-1/2

[Event "World Rapid 2025"]
[Site "Doha QAT"]
[Date "2025.12.26"]
[Round "2.41"]
[White "Raja, Harshit"]
[Black "Henriquez Villagra, Cristobal"]
[Result "1/2-1/2"]
[WhiteTitle "GM"]
[BlackTitle "GM"]
[WhiteElo "2472"]
[BlackElo "2598"]
[WhiteFideId "5089000"]
[BlackFideId "3409350"]
[EventDate "2025.12.26"]
[EventType "rapid"]

1. e4 c6 2. Nf3 d5 3. Nc3 dxe4 4. Nxe4 Nf6 5. Qe2 Bg4 6. h3 Bh5 7. Nxf6+ gxf6 8.
g4 Bg6 9. d3 Qc7 10. Bg2 Nd7 11. Nh4 O-O-O 12. O-O h5 13. Nxg6 fxg6 14. g5 e5
15. gxf6 Nxf6 16. Bg5 Bg7 17. Qe3 Kb8 18. f4 Nd5 19. Bxd8 Nxe3 20. Bxc7+ Kxc7
21. Rf2 Rf8 22. fxe5 Rxf2 23. Kxf2 Nxc2 24. Rc1 Nb4 25. Be4 Bxe5 26. Rc4 Nxa2
27. d4 Bd6 28. Bxg6 b5 29. Rc2 h4 30. Kf3 Nb4 31. Rc1 a5 32. Ke4 Bg3 33. Bf7 Kd6
34. Rf1 a4 35. Rf3 Be1 36. Rf1 Bg3 37. Bg8 Kd7 38. Rf7+ Kd6 39. Rf6+ Ke7 40.
Rf7+ Kd6 41. Bh7 Nd5 42. Bf5 Ne7 43. Rf6+ Kc7 44. Be6 b4 45. Kd3 a3 46. bxa3
bxa3 47. Kc4 a2 48. Rf1 Kd6 49. Bf7 Nf5 50. Kd3 Nxd4 51. Bxa2 Nb5 52. Bc4 Nc7
53. Rf7 Kc5 54. Rf5+ 1/2-1/2

[Event "World Rapid 2025"]
[Site "Doha QAT"]
[Date "2025.12.26"]
[Round "2.42"]
[White "Ganguly, Surya Shekhar"]
[Black "Meng, Yihan"]
[Result "0-1"]
[WhiteTitle "GM"]
[BlackTitle "IM"]
[WhiteElo "2568"]
[BlackElo "2456"]
[WhiteFideId "5002150"]
[BlackFideId "8631891"]
[EventDate "2025.12.26"]
[EventType "rapid"]

1. Nf3 d5 2. e3 Nf6 3. c4 dxc4 4. Bxc4 e6 5. O-O c5 6. b3 a6 7. Bb2 Be7 8. d4
cxd4 9. Nxd4 O-O 10. Be2 b5 11. a4 bxa4 12. Rxa4 Bb7 13. Bf3 Nd5 14. Nc3 Nxc3
15. Bxc3 Qd7 16. Qa1 Rd8 17. Nxe6 fxe6 18. Rd1 Qc8 19. Rxd8+ Bxd8 20. Rg4 g6 21.
Bh8 e5 22. Bxb7 Qxb7 23. Qxe5 Qf7 24. Rf4 Bc7 25. Rxf7 Bxe5 26. Re7 Bxh8 27.
Re8+ Kg7 28. e4 a5 29. f3 h5 30. e5 Kh7 31. e6 Bd4+ 32. Kf1 Kg7 33. e7 Kf7 34.
Rd8 Kxe7 35. Rxd4 Nd7 36. Ke2 Nc5 37. b4 Ne6 38. Re4 a4 39. Kd2 a3 40. Re1 a2
41. Ra1 Nf4 42. g4 Ra3 43. gxh5 gxh5 44. Kc2 Nd5 45. b5 Rxf3 46. Rxa2 0-1

[Event "World Rapid 2025"]
[Site "Doha QAT"]
[Date "2025.12.26"]
[Round "2.43"]
[White "Piliposyan, Robert"]
[Black "Narayanan, S.L."]
[Result "1/2-1/2"]
[WhiteTitle "IM"]
[BlackTitle "GM"]
[WhiteElo "2442"]
[BlackElo "2616"]
[WhiteFideId "13309978"]
[BlackFideId "5058422"]
[EventDate "2025.12.26"]
[EventType "rapid"]

1. d4 Nf6 2. c4 e6 3. Nc3 Bb4 4. e3 O-O 5. a3 Bxc3+ 6. bxc3 d6 7. Ne2 Nc6 8. Ng3
Nd7 9. Bd3 f5 10. O-O Na5 11. f4 Nb6 12. Qe2 d5 13. c5 Nbc4 14. a4 b6 15. cxb6
axb6 16. Ba3 Rf7 17. Rfb1 Nxa3 18. Rxa3 Qd6 19. Ra2 Bd7 20. Nf1 c5 21. Nd2 c4
22. Bc2 Be8 23. Nf3 Rfa7 24. Rab2 Ra6 25. Ne5 Nc6 26. Qd2 Nxe5 27. dxe5 Qc5 28.
Qd4 Bxa4 29. Bxa4 Rxa4 30. Rxb6 Qxd4 31. exd4 Ra1 32. Rxa1 Rxa1+ 33. Kf2 Ra2+
34. Kf1 Kf7 35. Rb7+ Kf8 36. Rb8+ Kf7 37. Rb7+ 1/2-1/2

[Event "World Rapid 2025"]
[Site "Doha QAT"]
[Date "2025.12.26"]
[Round "2.44"]
[White "Theodorou, Nikolas"]
[Black "Mamedov, Edgar"]
[Result "1-0"]
[WhiteTitle "GM"]
[BlackTitle "GM"]
[WhiteElo "2652"]
[BlackElo "2492"]
[WhiteFideId "4262875"]
[BlackFideId "13739980"]
[EventDate "2025.12.26"]
[EventType "rapid"]

1. d4 d5 2. c4 e6 3. Nf3 Nf6 4. g3 Nc6 5. Bg2 Bd6 6. O-O O-O 7. a3 dxc4 8. Nbd2
Na5 9. Qa4 b6 10. Nxc4 Nxc4 11. Qxc4 Bb7 12. Bg5 h6 13. Bxf6 Qxf6 14. Nd2 Bxg2
15. Kxg2 Rfd8 16. Ne4 Qf5 17. Qc6 Qd5 18. Qxd5 exd5 19. Nc3 c5 20. dxc5 Bxc5 21.
Rac1 d4 22. Ne4 Rd5 23. b4 Bf8 24. Rfd1 Re8 25. Nc3 Rdd8 26. Nb5 Rxe2 27. Nxa7
d3 28. Rc3 d2 29. Rc2 g5 30. Kf1 Re1+ 31. Rxe1 dxe1=Q+ 32. Kxe1 Rd3 33. Nb5 Rd5
34. Nc3 Rd8 35. Rd2 Re8+ 36. Kd1 Bg7 37. Nd5 Re6 38. g4 Kh7 39. a4 Kg6 40. Kc2
f5 41. f3 fxg4 42. fxg4 h5 43. h3 hxg4 44. hxg4 Bf8 45. Kd3 Re1 46. Kc4 Bg7 47.
Nxb6 Re4+ 48. Kb5 Rxg4 49. a5 Bd4 50. Nc4 Re4 51. a6 g4 52. Kc6 g3 53. Kd5 Rg4
54. Ne5+ Bxe5 55. a7 Bc3 56. Rd1 g2 57. a8=Q g1=Q 58. Qe8+ Kg7 59. Qe7+ Kg6 60.
Rxg1 Rxg1 61. Qe8+ Kg7 62. b5 Rg5+ 63. Kc4 Be5 64. b6 Kf6 65. Qd8+ Kf5 66. b7
Rg4+ 67. Kc5 Rf4 68. b8=Q Bxb8 69. Qxb8 Ke4 70. Qe8+ Kf3 71. Kd5 Kf2 72. Qh5 Ke3
73. Qh3+ Rf3 74. Qh6+ Kd3 75. Qg5 Re3 76. Qg4 Kd2 77. Qf4 Kd3 78. Qc4+ Kd2 79.
Kd4 Rh3 80. Qa2+ Kd1 81. Qf2 Ra3 82. Kc4 Kc1 83. Qe2 Kb1 84. Kb4 Ra2 85. Qe1+
Kb2 86. Qd1 Ra8 87. Qd4+ Kc1 88. Qg1+ Kd2 89. Qg2+ 1-0

[Event "World Rapid 2025"]
[Site "Doha QAT"]
[Date "2025.12.26"]
[Round "2.45"]
[White "Krallis, Christos"]
[Black "Akobian, Varuzhan"]
[Result "1-0"]
[WhiteTitle "IM"]
[BlackTitle "GM"]
[WhiteElo "2416"]
[BlackElo "2549"]
[WhiteFideId "4298896"]
[BlackFideId "13300580"]
[EventDate "2025.12.26"]
[EventType "rapid"]

1. e4 e6 2. d4 d5 3. Nc3 Bb4 4. Ne2 dxe4 5. a3 Bxc3+ 6. Nxc3 Nc6 7. d5 exd5 8.
Qxd5 Be6 9. Qxe4 Nf6 10. Qa4 O-O 11. Bd3 Nd5 12. Nxd5 Qxd5 13. O-O Bf5 14. Rd1
Ne5 15. Be2 Qe4 16. Qxe4 Bxe4 17. Bf4 Rfe8 18. Rd2 f6 19. Rad1 Re7 20. Bxe5 fxe5
21. Bc4+ Kf8 22. Bd5 Bxd5 23. Rxd5 Rae8 24. Kf1 Re6 25. Ke2 R8e7 26. Ke3 Kf7 27.
c4 Rb6 28. b4 Rc6 29. c5 Ra6 30. R1d3 Rg6 31. g3 Rf6 32. Rd7 Ke6 33. Rxe7+ Kxe7
34. f3 Ra6 35. h4 b6 36. c6 b5 37. Rd7+ Kf6 38. Rxc7 Rxa3+ 39. Ke4 a5 40. bxa5
Rxa5 41. Kd5 b4+ 42. Kd6 Ra3 43. Rb7 Rd3+ 44. Kc5 Rc3+ 45. Kd5 b3 46. c7 b2 47.
Kd6 Rd3+ 48. Kc6 Rc3+ 49. Kd7 Rd3+ 50. Kc8 Rxf3 51. Rxb2 Rxg3 52. Kb7 Rc3 53.
Rb6+ Kf5 54. Rc6 Rb3+ 55. Ka6 Ra3+ 56. Kb5 Ra8 57. c8=Q+ Rxc8 58. Rxc8 Kg4 59.
Rc7 Kxh4 60. Rxg7 h5 61. Kc4 Kh3 62. Kd3 h4 63. Ke2 1-0

[Event "World Rapid 2025"]
[Site "Doha QAT"]
[Date "2025.12.26"]
[Round "2.46"]
[White "Tabatabaei, M. Amin"]
[Black "Kuandykuly, Danis"]
[Result "1-0"]
[WhiteTitle "GM"]
[BlackTitle "FM"]
[WhiteElo "2700"]
[BlackElo "2372"]
[WhiteFideId "12521213"]
[BlackFideId "13752260"]
[EventDate "2025.12.26"]
[EventType "rapid"]

1. d4 Nf6 2. Nc3 d5 3. Bf4 c5 4. e3 cxd4 5. exd4 a6 6. Nf3 Bf5 7. Ne5 e6 8. g4
Be4 9. f3 Bg6 10. h4 h5 11. Nxg6 fxg6 12. Bd3 Kf7 13. Ne2 Nc6 14. c3 Bd6 15. Qd2
Rc8 16. Bxd6 Qxd6 17. Nf4 e5 18. Bxg6+ Kg8 19. Nxh5 Nxh5 20. gxh5 exd4 21. O-O-O
Rh6 22. Rhe1 b5 23. Kb1 dxc3 24. Qxc3 d4 25. Qb3+ Kh8 26. Qf7 Qd8 27. Re6 Qg8
28. Qxg8+ Kxg8 29. Rc1 1-0

[Event "World Rapid 2025"]
[Site "Doha QAT"]
[Date "2025.12.26"]
[Round "2.47"]
[White "Tissir, Mohamed"]
[Black "Pichot, Alan"]
[Result "0-1"]
[WhiteTitle "IM"]
[BlackTitle "GM"]
[WhiteElo "2293"]
[BlackElo "2597"]
[WhiteFideId "9000240"]
[BlackFideId "110973"]
[EventDate "2025.12.26"]
[EventType "rapid"]

1. e4 e5 2. Nf3 Nc6 3. Bc4 Bc5 4. c3 Nf6 5. d3 d6 6. a4 a5 7. Bg5 h6 8. Bh4 Qe7
9. Nbd2 Ba7 10. Qb3 g5 11. Bg3 Nd7 12. Qc2 Nc5 13. h4 g4 14. Nh2 f5 15. exf5
Bxf5 16. Ne4 O-O-O 17. Nxc5 Bxc5 18. Bd5 Qf6 19. O-O Ne7 20. Be4 d5 21. Bxf5+
Nxf5 22. Bxe5 Qxe5 23. d4 Bxd4 24. cxd4 Nxd4 25. Qd3 h5 26. Rfe1 Qf6 27. Rad1
Nc6 28. Nf1 Rhf8 29. Qd2 Qxh4 30. Ng3 Qf6 31. Nxh5 Qh4 32. Ng3 Rf6 33. Re3 d4
34. Re4 Rh8 35. Rf4 Re6 0-1